| Tag |
First Indicator |
Second Indicator |
Subfields |
| LEADER |
00000cam a2200000 4500 |
| 001 |
in00000230121 |
| 005 |
20151009070940.0 |
| 008 |
721108s1962 nyua 00000 eng d |
| 010 |
|
|
|a 62011055
|
| 035 |
|
|
|a (OCoLC)00489646
|
| 035 |
|
|
|9 AAY6673AM
|
| 040 |
|
|
|c WSU
|d TXA
|d UtOrBLW
|
| 049 |
|
|
|a TXAM
|c 1 [900251], 2 [272255]
|
| 082 |
0 |
|
|a 572
|
| 090 |
|
|
|a GN24
|b C67 1962
|
| 100 |
1 |
|
|a Coon, Carleton S.
|q (Carleton Stevens),
|d 1904-1981.
|
| 245 |
1 |
4 |
|a The story of man /
|c from the first human to primitive culture and beyond. Line drawings by Richard Albany, photos. by Reuben Goldberg.
|
| 250 |
|
|
|a 2d ed., rev.
|
| 264 |
|
1 |
|a New York :
|b Knopf,
|c 1962.
|
| 300 |
|
|
|a 438 pages ;
|c illus. ;
|c 25 cm.
|
| 336 |
|
|
|a text
|b txt
|2 rdacontent
|
| 337 |
|
|
|a unmediated
|b n
|2 rdamedia
|
| 338 |
|
|
|a volume
|b nc
|2 rdacarrier
|
| 650 |
|
0 |
|a Anthropology.
|
| 999 |
|
|
|a MARS
|
| 999 |
f |
f |
|s ff6e71e5-9d69-3268-a5a1-1774bdbe8186
|i ca08286e-e43c-3a0f-a686-46d9999219f8
|t 0
|
| 952 |
f |
f |
|p normal
|a Texas A&M University
|b College Station
|c Sterling C. Evans Library
|d Evans: Library Stacks
|t 0
|e GN24 C67 1962
|h Library of Congress classification
|i unmediated -- volume
|m A14802417365
|
| 952 |
f |
f |
|p ric
|a Texas A&M University
|b Rellis Campus
|c Joint Library Facility
|d Remote Storage
|t 0
|e GN24 C67 1962
|h Library of Congress classification
|i unmediated -- volume
|m A14808030624
|
| 998 |
f |
f |
|a GN24 C67 1962
|t 0
|l Remote Storage
|
| 998 |
f |
f |
|a GN24 C67 1962
|t 0
|l Evans: Library Stacks
|